000
00365nam a2200169Ia 4500
003
IT-RoPAU
008
120407s9999 xx 000 0 und d
040
_a
IT-RoPAU
040
_c
IT-RoPAU
100
_a
Pasquale Di Fronzo
245
_a
Ritmi. 40 anni con la musa
260
_a
Accademia Partenopea
300
_c
cm
490
_v
2
942
_c
BK
999
_c
521
_d
521